Turbulence (Record no. 5373)

000 -LEADER
fixed length control field 00511nam a2200205 i 4500
001 - CONTROL NUMBER
control field 5373
003 - CONTROL NUMBER IDENTIFIER
control field BD-DhUET
008 - FIXED-LENGTH DATA ELEMENTS--GENERAL INFORMATION
fixed length control field 750220s1975 nyua b 001 0 eng
020 ## - INTERNATIONAL STANDARD BOOK NUMBER
International Standard Book Number 0070290377
040 ## - CATALOGING SOURCE
Original cataloging agency DLC
Transcribing agency DLC
Modifying agency BD-DhUET
082 00 - DEWEY DECIMAL CLASSIFICATION NUMBER
Classification number 532.56
Item number HIN/1975
100 1# - MAIN ENTRY--PERSONAL NAME
Personal name Hinze, J. O.
245 00 - TITLE STATEMENT
Title Turbulence
250 ## - EDITION STATEMENT
Edition statement 2nd ed.
260 ## - PUBLICATION, DISTRIBUTION, ETC. (IMPRINT)
Place of publication, distribution, etc. New York
Name of publisher, distributor, etc. McGraw-Hill
Date of publication, distribution, etc. 1975
300 ## - PHYSICAL DESCRIPTION
Extent x,790p.
Other physical details ill.
Dimensions 24 cm.
490 0# - SERIES STATEMENT
Series statement McGraw-Hill series in mechanical engineering
650 #0 - SUBJECT ADDED ENTRY--TOPICAL TERM
Topical term or geographic name as entry element Turbulence
942 ## - ADDED ENTRY ELEMENTS (KOHA)
Koha item type General Book
Holdings
Koha issues (times borrowed) Koha date last seen Lost status Koha full call number Copy number Sublocation or collection (holding branch) Koha normalized classification for sorting Source of classification or shelving scheme Not for loan Location (home branch) Shelving location Piece designation (barcode) Koha date last borrowed Koha item type Date acquired Price effective from Damaged status Withdrawn status
 2014-11-26 532.56/HIN/19751Central Library, BUET532_560000000000000_HIN_1975  Central Library, BUETCirculation section63813 General Book2014-11-262014-11-26  
 2014-11-26 532.56/HIN/19752Central Library, BUET532_560000000000000_HIN_1975  Central Library, BUETCirculation section63816 General Book2014-11-262014-11-26  
 2014-12-07 532.56/HIN/19753Central Library, BUET532_560000000000000_HIN_1975  Central Library, BUETCirculation section44334 General Book2014-12-072014-12-07  
 2014-12-07 532.56/HIN/19754Central Library, BUET532_560000000000000_HIN_1975  Central Library, BUETCirculation section63807 General Book2014-12-072014-12-07  
12015-03-29 532.56/HIN/19755Central Library, BUET532_560000000000000_HIN_1975  Central Library, BUETCirculation section638122015-03-25General Book2014-12-072014-12-07  
 2014-12-07 532.56/HIN/19756Central Library, BUET532_560000000000000_HIN_1975  Central Library, BUETCirculation section63805 General Book2014-12-072014-12-07  
 2014-12-07 532.56/HIN/19757Central Library, BUET532_560000000000000_HIN_1975  Central Library, BUETCirculation section63810 General Book2014-12-072014-12-07  
 2014-12-07 532.56/HIN/19758Central Library, BUET532_560000000000000_HIN_1975  Central Library, BUETCirculation section63808 General Book2014-12-072014-12-07  
 2014-12-07 532.56/HIN/19759Central Library, BUET532_560000000000000_HIN_1975  Central Library, BUETCirculation section63809 General Book2014-12-072014-12-07  
12023-02-28 532.56/HIN/197510Central Library, BUET532_560000000000000_HIN_1975  Central Library, BUETCirculation section638062022-11-14General Book2014-12-072014-12-07  
12015-09-14 532.56/HIN/197511Central Library, BUET532_560000000000000_HIN_1975  Central Library, BUETCirculation section638152015-05-26General Book2014-12-072014-12-07  
 2015-03-09 532.56/HIN/197512Central Library, BUET532_560000000000000_HIN_1975  Central Library, BUETCirculation section39158 General Book2015-03-092015-03-09  
 2015-06-07 532.56/HIN/197513Central Library, BUET532_560000000000000_HIN_1975  Central Library, BUETReading section58968 Reading Item2015-06-072015-06-07  
 2015-06-07 532.56/HIN/197514Central Library, BUET532_560000000000000_HIN_1975  Central Library, BUETReading section60653 Reading Item2015-06-072015-06-07  
 2015-06-23 532.56/HIN/197515Central Library, BUET532_560000000000000_HIN_1975  Central Library, BUETReading section52729 Reading Item2015-06-232015-06-23  
12024-11-27 532.56 HIN/197516Central Library, BUET532_560000000000000_HIN_1975  Central Library, BUETCirculation section638112024-11-27General Book1985-06-292024-11-16  
 2024-11-16 532.56 HIN/1975 Central Library, BUET532_560000000000000_HIN_1975  Central Library, BUET   General Book2024-11-162024-11-16  
 2024-11-16 532.56 HIN/197518Central Library, BUET532_560000000000000_HIN_1975  Central Library, BUETCirculation section39159 General Book2025-09-032024-11-16